000 00678nam a2200289Ia 4500
005 20260324150836.0
008 008 260324s9999 xx 000 0 eng d
020 _a9781315205052
037 _aEBOOK
040 _aCRL
040 _beng
040 _cCRL
041 _2eng
041 _aeng
084 _qCRL
100 _aP. Ford
_91227813
245 0 _aWork and Wealth in a Modern Port
245 3 _bAn Economic Survey of Southampton
260 _bTaylor and Francis
260 _c1934
365 _a
365 _b180
856 _uhttp://www.taylorfrancis.com/books/9781315205052
942 _cEBOOK
999 _c1837970
_d1837970